000 00337pab a2200145 454500
008 180718b1997 xxu||||| |||| 00| 0 eng d
100 _aShahbuddin, Syed
245 _aMinorities in a plural society
260 _c1997
300 _ap.20-22
362 _aMar
650 _aMinority groups
773 _aPolitics India
909 _a35054
999 _c35054
_d35054